| 000 | 00460 a2200169 4500 | ||
|---|---|---|---|
| 020 | _a0079137806 | ||
| 082 | _a006.7768 | ||
| 090 |
_c7355 _d7355 |
||
| 100 | _aRoot, Michael D. | ||
| 110 | _aBoer, James R. | ||
| 245 |
_aDirectX Complete _cRoot, Michael D. |
||
| 260 |
_aUSA _bThe McGraw-Hill _c1999 |
||
| 300 |
_axvi, 635 p. ; _bill. ; _c25 cm. _eCD-ROM |
||
| 500 | _aIncludes index | ||
| 650 | _a1. Multimedia systems. 2. DirectX. | ||
| 942 |
_cBK _k006.7768 ROO |
||
| 999 |
_c11158 _d11158 |
||